000 00911nas a2200289 4500
001 BR0100238
003 BR-BrBNA
005 20231205102016.0
007 ta
008 230509b bl.|||p| |||| 00| 00por d
040 _aBR-BrBNA
_bpor
_cBiblioteca Nacional de Agricultura
041 _a(Pt)
072 _aL01
100 1 _aDuraes, M.C.
100 1 _aFreitas, A.F.
100 1 _aTeixeira, N.M.
100 1 _aBarra, R.B.
245 1 _aFatores de ajustamento da producao de leite e de gordura na raca Holandesa para idade e nucleo de controle leiteiro
650 _aGado Holandes
650 _aProducao Leiteira
650 _aGordura
650 _aLeite
650 _aControle Leiteiro
773 0 _tArquivo Brasileiro de Medicina Veterinaria e Zootecnia (Brazil)
_xISSN 0102-0935
_g(Apr 2000), v. 52(2) p. 178-184
_wBR0100238
909 _a202311
_bLúcia
_c55
_dLúcia Elande
942 _2AGRIS
_n0
_cANA
999 _c165229
_d165229